Lineární programování : Výklad pro ekonomy /
Salvato in:
| Autore principale: | |
|---|---|
| Natura: | Libro |
| Lingua: | ceco |
| Pubblicazione: |
Praha :
SNTL,
1960
|
| Edizione: | 2.přepr.vyd. |
| Soggetti: | |
| Tags: |
Nessun Tag, puoi essere il primo ad aggiungerne!!
|
MARC
| LEADER | 00000nam a22000003a 4500 | ||
|---|---|---|---|
| 001 | stu36670 | ||
| 005 | 20150617225728.8 | ||
| 008 | 920617s1960----cs------------------cze-d | ||
| 040 | |a STU |b slo | ||
| 041 | 0 | |a cze | |
| 044 | |a cs | ||
| 080 | |a 519.852 |7 stu_us_auth*stu8185 | ||
| 100 | 1 | |a Habr, Jaroslav |4 aut | |
| 245 | 1 | |a Lineární programování : |b Výklad pro ekonomy / |c [aut.]Jaroslav Habr | |
| 250 | |a 2.přepr.vyd. | ||
| 260 | |a Praha : |b SNTL, |c 1960 | ||
| 300 | |a 191 s | ||
| 650 | 7 | |a Programovanie lineárne |2 stusub | |
| 996 | |b 284M002529 |c M*4744-1 |l MMKN |s A |a 24 |w stu36670_0001 | ||